Trivia Pyramid: Religion & Mythology Quiz Stats

 Plays Quiz Updated Jul 18, 2019

Support Sporcle.
Go Orange.
Score 0/30 Timer 04:00
0 Plays Today
% Correct
According to Egyptian
mythology, Ra was the god
of which celestial body?
100%
In the first plague of
Egypt, water turned into
what other substance?
100%
What is the final book of
the New Testament and
the Christian Bible?
100%
Which Islamic text was
revealed to Muhammad
by the archangel Gabriel?
100%
In which country did the
religions of Taoism and
Confucianism originate?
100%
What religious leader title
comes from the Hebrew
for 'teacher of Torah'?
96.8%
Who was the founder of
Mormonism and the Latter
Day Saint movement?
93.9%
Which Christian sacrament
involves being sprinkled by
or immersed in water?
93.8%
Which Biblical patriarch
was commanded by God
to sacrifice his son Isaac?
93.3%
Which son of Odin is the
god of thunder who carries
the hammer Mjölnir?
92.6%
In Hinduism, the Trimurti is
made up of Brahma, Shiva,
and which third deity?
92.6%
Sun
92.5%
Baptism
91%
Who is said to have slain
Medusa and later saved
and married Andromeda
in Greek mythology?
90.5%
Thor
89.9%
% Correct
Which name was taken
by 23 recognized popes
of the Catholic Church?
89.9%
Blood
89.6%
China
88.3%
Quran
84.8%
John
83.6%
Rabbi
82.6%
Abraham
81.6%
Which location was the
landing place for Noah's
ark, according to Genesis?
81.2%
Revelation
78.4%
Joseph Smith
74.8%
Perseus
72.4%
To which Saudi Arabian city
do Muslims make their
pilgrimage during the Hajj?
65.4%
Vishnu
64.5%
Mount Ararat
64.2%
Mecca
63%

You're not logged in!

Compare scores with friends on all Sporcle quizzes.
OR
Log In

From the Vault

North American Countries by Borders

by Treverbeast454

It turns out there are plenty of island nations in North America.
Remove Ads.
Support Sporcle.
Get the best of Sporcle when you Go Orange. This ad-free experience offers more features, more stats, and more fun while also helping to support Sporcle. Thank you for becoming a member.

Show Comments

Extras

Top Quizzes Today


Score Distribution

Your Account Isn't Verified!

In order to create a playlist on Sporcle, you need to verify the email address you used during registration. Go to your Sporcle Settings to finish the process.

Report this User

Report this user for behavior that violates our Community Guidelines.

Details: